Detalles MARC
| 000 -CABECERA |
| campo de control de longitud fija |
00930cam a2200253 a 4500 |
| 001 - NÚMERO DE CONTROL |
| campo de control |
000019074 |
| 005 - FECHA Y HORA DE LA ÚLTIMA TRANSACCIÓN |
| campo de control |
20200929165920.0 |
| 008 - DATOS DE LONGITUD FIJA--INFORMACIÓN GENERAL |
| campo de control de longitud fija |
770211s1975 ve b f000 0cspa d |
| 040 ## - FUENTE DE LA CATALOGACIÓN |
| Centro catalogador/agencia de origen |
DO-SdBNP |
| Centro/agencia transcriptor |
DLC |
| Centro/agencia modificador |
DLC |
| -- |
BNPHU |
| 043 ## - CÓDIGO DE ÁREA GEOGRÁFICA |
| Código de área geográfica |
s------ |
| -- |
s-pe--- |
| 082 ## - NÚMERO DE LA CLASIFICACIÓN DECIMAL DEWEY |
| Número de clasificación |
nnnn |
| Número de documento/Ítem |
P427s |
| 049 ## - FONDOS LOCALES (OCLC) |
| Fondos de biblioteca |
BNGR |
| 100 1# - ENTRADA PRINCIPAL--NOMBRE DE PERSONA |
| Nombre de persona |
Perazzo, Nicolás, |
| 9 (RLIN) |
16093 |
| 245 10 - MENCIÓN DE TÍTULO |
| Título |
Sánchez Carrión y Unanue : |
| Resto del título |
ministros del libertador / |
| Mención de responsabilidad, etc. |
Nicolás Perazzo. |
| 260 ## - PUBLICACIÓN, DISTRIBUCIÓN, ETC. |
| Lugar de publicación, distribución, etc. |
Caracas : |
| Nombre del editor, distribuidor, etc. |
Oficina Central de Información, |
| Fecha de publicación, distribución, etc. |
1975. |
| 300 ## - DESCRIPCIÓN FÍSICA |
| Extensión |
251, [252-253] p. ; |
| Dimensiones |
23 cm. |
| 504 ## - NOTA DE BIBLIOGRAFÍA, ETC. |
| Nota de bibliografía, etc. |
Bibliografía: p. 133-136. |
| 500 ## - NOTA GENERAL |
| Nota general |
"Apendice de documentos" (p. [137]-251) |
| 600 20 - PUNTO DE ACCESO ADICIONAL DE MATERIA--NOMBRE DE PERSONA |
| Nombre de persona |
Sánchez Carrión, José Faustino, |
| Fechas asociadas al nombre |
1787-1825. |
| 9 (RLIN) |
41040 |
| 600 10 - PUNTO DE ACCESO ADICIONAL DE MATERIA--NOMBRE DE PERSONA |
| Nombre de persona |
Unanue, José Hiplito, |
| Fechas asociadas al nombre |
1755-1833. |
| 9 (RLIN) |
41041 |
| 650 #0 - PUNTO DE ACCESO ADICIONAL DE MATERIA--TÉRMINO DE MATERIA |
| Término de materia o nombre geográfico como elemento de entrada |
Statesmen |
| Subdivisión geográfica |
Peru |
| Subdivisión general |
Biography. |
| 9 (RLIN) |
41042 |
| 651 #0 - PUNTO DE ACCESO ADICIONAL DE MATERIA--NOMBRE GEOGRÁFICO |
| Nombre geográfico |
South America |
| Subdivisión general |
History |
| Subdivisión cronológica |
Wars of Independence, 1806-1830. |
| 9 (RLIN) |
23538 |
| 910 ## - DATOS DE OPCIÓN DEL USUARIO (OCLC) |
| Datos de opción del usuario |
Catalogación derivada / LC |